[Event "Titled Tuesday intern op 2nd Dec"]
[Site "Chess.com INT"]
[Date "2017.12.05"]
[Round "7"]
[White "Diman, Xaoc"]
[Black "Popov, Nasim"]
[Result "0-1"]
[WhiteElo "1212"]
[BlackElo "1988"]
[PlyCount "56"]
[EventDate "2017.12.05"]
[EventType "swiss (blitz)"]
[EventRounds "10"]
[EventCountry "USA"]
[SourceTitle "EXT 2021"]
[Source "ChessBase"]
[SourceDate "2020.10.23"]
[SourceVersion "1"]
[SourceVersionDate "2020.10.23"]
[SourceQuality "1"]

1. e4 c5 2. c3 d5 3. exd5 Qxd5 4. c4 Qe5+ 5. Be2 Nc6 6. Nf3 Qc7 7. 0-0 Nf6 8. d4 cxd4 9. Nxd4 a6 10. Qa4 Bd7 11. Nxc6 Bxc6 12. Qc2 e6 13. Nc3 Bd6 14. Bg5 Bxh2+ 15. Kh1 Be5 16. f4 Bd4 17. Bf3 Bxf3 18. Rxf3 Ng4 19. Ne4 h6 20. Qd3 hxg5+ 21. Rh3 0-0-0 22. Qf3 f5 23. Nxg5 Nf2+ 24. Kg1 Nxh3+ 25. Kh2 Nxg5+ 26. Qh3 Qxf4+ 27. g3 Rxh3+ 28. Kg2 Qf2# 0-1